Sports Quiz

Random Sports Quiz
Score 0/13 Timer 03:00
0 Plays Today
Hint Answer % Correct
Point GuardKyrie Irving
100%
Small ForwardGordon Hayward
93.8%
CenterAl Horford
93.8%
Point Guard/ Shooting GuardMarcus Smart
93.8%
Small ForwardJayson Tatum
93.8%
Small ForwardJaylen Brown
87.5%
Power ForwardMarcus Morris
68.8%
Point GuardTerry Rozier
68.8%
CenterAron Baynes
68.8%
Power ForwardSemi Ojeleye
43.8%
Point GuardShane Larkin
37.5%
Power ForwardGuerschon Yabusele
37.5%
Shooting GuardJabari Bird
25%
Remove Ads.
Support Sporcle.
Get the best of Sporcle when you Go Orange. This ad-free experience offers more features, more stats, and more fun while also helping to support Sporcle. Thank you for becoming a member.

You're not logged in!

Compare scores with friends on all Sporcle quizzes.
OR
Log In

Show Comments

Extras

Created Sep 18, 2017ReportNominate
Tags:celtic, entire, Roster

Top Quizzes Today


Score Distribution

Your Account Isn't Verified!

In order to create a playlist on Sporcle, you need to verify the email address you used during registration. Go to your Sporcle Settings to finish the process.

Report this User

Report this user for behavior that violates our Community Guidelines.

Details: